[Event "SV Erkenschwick 1 - PSV Duisburg 1"]
[Site "Oberliga NRW 2012/2013"]
[Date "2013.04.28"]
[Round "9.7"]
[White "Maslak, Sulejman"]
[Black "Van Zutphen, Jimmy"]
[Result "1-0"]
[WhiteElo "2226"]
[BlackElo "2162"]
[PlyCount "75"]
[EventDate "2013.??.??"]
[WhiteTeam "PSV Duisburg 1"]
[BlackTeam "SV Erkenschwick 1"]

1. c4 f5 2. Nc3 Nf6 3. g3 e6 4. Bg2 d5 5. d4 c6 6. e3 Bd6 7. Nge2 O-O 8. b3 Qe7
9. O-O Bd7 10. Bb2 Be8 11. Nf4 Nbd7 12. Nd3 Rd8 13. c5 Bb8 14. f4 Bh5 15. Qc2
Ne4 16. b4 a6 17. a4 g5 18. Ne5 Nxe5 19. fxe5 Qg7 20. b5 axb5 21. axb5 Nxc3 22.
Bxc3 cxb5 23. Qd3 Be8 24. Bd2 Rc8 25. g4 f4 26. exf4 gxf4 27. h3 Bc6 28. Bxf4
Rf7 29. Qe3 Qg6 30. Bh6 Bxe5 31. Rxf7 Kxf7 32. dxe5 d4 33. Qf4+ Ke7 34. Bg5+
Ke8 35. Rf1 Qg7 36. Bh6 Qg8 37. Bxc6+ bxc6 38. Qxd4 1-0

[Event "SV Erkenschwick 1 - PSV Duisburg 1"]
[Site "Oberliga NRW 2012/2013"]
[Date "2013.04.28"]
[Round "9.8"]
[White "Eggenstein, Frank"]
[Black "Heisel, Karl"]
[Result "1-0"]
[WhiteElo "1998"]
[BlackElo "1624"]
[PlyCount "99"]
[EventDate "2013.??.??"]
[WhiteTeam "SV Erkenschwick 1"]
[BlackTeam "PSV Duisburg 1"]

1. e4 d5 2. exd5 Qxd5 3. Nc3 Qa5 4. d4 Bf5 5. Bc4 e6 6. Bd2 c6 7. Nf3 Qc7 8.
O-O Bd6 9. Re1 Ne7 10. g3 O-O 11. Ne4 Nd5 12. Nxd6 Qxd6 13. Nh4 Ne7 14. Bg5 Bg6
15. Nxg6 Nxg6 16. c3 Nd7 17. Qb3 Nb6 18. Bd3 Qd5 19. Be3 Qd7 20. Rad1 Nd5 21.
Bc1 b5 22. Qc2 Rab8 23. h4 Rfe8 24. h5 Nf8 25. h6 f5 26. hxg7 Qxg7 27. Kg2 Re7
28. Rh1 Rbb7 29. Rh2 Rf7 30. Rdh1 Qf6 31. Rh5 f4 32. g4 Rg7 33. f3 Ne3+ 34.
Bxe3 fxe3 35. Qe2 Qf4 36. Re5 Rbf7 37. Rxe3 Rf6 38. Rh3 Rh6 39. Rxh6 Qxh6 40.
b3 Qf6 41. Re5 Qh4 42. Qe4 Qh6 43. Kg3 Rf7 44. Qe3 Qh1 45. Rh5 Qd1 46. Rg5+ Rg7
47. Rxg7+ Kxg7 48. Be4 Qh1 49. f4 a5 50. Bxh1 1-0

[Event "SF Katernberg 2 - Aachener SV 1"]
[Site "Oberliga NRW 2012/2013"]
[Date "2013.04.28"]
[Round "9.1"]
[White "Koch, Thomas"]
[Black "Rosen, Bernd"]
[Result "1/2-1/2"]
[WhiteElo "2390"]
[BlackElo "2247"]
[Annotator "Doe,John"]
[PlyCount "82"]
[EventDate "2013.??.??"]
[WhiteTeam "Aachener SV 1"]
[BlackTeam "SF Katernberg 2"]

1. d4 Nf6 2. c4 c5 3. d5 e5 4. Nc3 d6 5. e4 Nbd7 6. f4 exf4 7. Bxf4 Ne5 8. Nf3
Ng6 9. Bg3 Nh5 10. Bf2 Be7 11. g3 Nf6 12. h3 Nd7 13. Bg2 O-O 14. O-O Bf6 15.
Qd2 Nde5 16. Nxe5 Bxe5 17. Ne2 $11 Bd7 18. Rac1 b6 19. Be3 Qc8 20. Nf4 Qa6 21.
b3 Qa5 22. Qe2 b5 23. h4 bxc4 24. bxc4 Rab8 25. Rb1 Qc3 26. Rfc1 Qa3 27. Kh2
Bb2 28. Nxg6 hxg6 29. Rc2 Be5 30. Rcc1 Rb4 31. Rxb4 Qxb4 32. Bf4 f6 33. Bxe5
fxe5 34. Rf1 Rxf1 35. Bxf1 a5 36. Bh3 Bxh3 37. Kxh3 Qb1 38. Kh2 a4 39. a3 Qb3
40. h5 gxh5 41. Qxh5 Qxc4 1/2-1/2

[Event "SF Katernberg 2 - Aachener SV 1"]
[Site "Oberliga NRW 2012/2013"]
[Date "2013.04.28"]
[Round "9.2"]
[White "Hoolt, Sarah"]
[Black "Sonntag, Hans-Hubert"]
[Result "0-1"]
[WhiteElo "2304"]
[BlackElo "2314"]
[PlyCount "76"]
[EventDate "2013.??.??"]
[WhiteTeam "SF Katernberg 2"]
[BlackTeam "Aachener SV 1"]

1. e4 e5 2. Nf3 Nc6 3. Bc4 Bc5 4. d3 Nf6 5. Bb3 d6 6. c3 Bb6 7. O-O Ne7 8. Re1
Ng6 9. h3 O-O 10. Na3 Be6 11. Nc4 h6 12. a4 c6 13. Nxb6 Bxb3 14. Qxb3 Qxb6 15.
Qc4 d5 16. exd5 cxd5 17. Qb5 Qc7 18. Be3 Rfe8 19. Qb3 Qc6 20. Nd2 d4 21. cxd4
exd4 22. Bxd4 Nf4 23. Nf3 Nxh3+ 24. Kf1 Nf4 25. Be5 N4d5 26. Rac1 Qd7 27. Rc4
Rad8 28. Rec1 Qf5 29. Bxf6 Nxf6 30. Rc7 Rd7 31. Qxb7 Rxc7 32. Qxc7 Qxd3+ 33.
Kg1 a6 34. Qb7 Ng4 35. Qc6 Re6 36. Qc8+ Kh7 37. Qc2 Rd6 38. b3 Qxc2 0-1

[Event "SF Katernberg 2 - Aachener SV 1"]
[Site "Oberliga NRW 2012/2013"]
[Date "2013.04.28"]
[Round "9.3"]
[White "Klein, Felix"]
[Black "Villwock, Martin"]
[Result "0-1"]
[WhiteElo "2271"]
[BlackElo "2143"]
[PlyCount "90"]
[EventDate "2013.??.??"]
[WhiteTeam "Aachener SV 1"]
[BlackTeam "SF Katernberg 2"]

1. e4 c5 2. Nf3 Nc6 3. Nc3 e5 4. Bc4 Be7 5. d3 d6 6. Nd2 Bg5 7. Nf1 Bxc1 8.
Rxc1 Nge7 9. Ne3 O-O 10. O-O Kh8 11. Ncd5 f5 12. f4 exf4 13. Nxf4 Ne5 14. Bd5
Nxd5 15. exd5 Qg5 16. d4 cxd4 17. Qxd4 Bd7 18. c4 b6 19. b4 Qf6 20. Kh1 g5 21.
Ne6 Bxe6 22. dxe6 Qxe6 23. c5 dxc5 24. bxc5 Rad8 25. Qa1 Kg8 26. cxb6 f4 27.
Nc2 Nd3 28. Rcd1 Qxb6 29. Rxd3 Rxd3 30. Qe5 Qf6 31. Qe4 Rfd8 32. h4 Rd1 33. Ne1
g4 34. g3 R1d4 35. Qb7 f3 36. Qb3+ Qf7 37. Qe3 R8d5 38. Kg1 Rd2 39. Kh1 Re2 40.
Qc3 Qe6 41. Qb4 Rd1 42. Qb8+ Kf7 43. Qf4+ Kg7 44. Qc7+ Kg6 45. h5+ Kh6 0-1

[Event "SF Katernberg 2 - Aachener SV 1"]
[Site "Oberliga NRW 2012/2013"]
[Date "2013.04.28"]
[Round "9.4"]
[White "Rosen, Willy"]
[Black "Coenen, Norbert"]
[Result "1/2-1/2"]
[WhiteElo "2157"]
[BlackElo "2275"]
[Annotator "Doe,John"]
[PlyCount "126"]
[EventDate "2013.??.??"]
[WhiteTeam "SF Katernberg 2"]
[BlackTeam "Aachener SV 1"]

1. e4 c5 2. Nf3 e6 3. d4 cxd4 4. Nxd4 Nf6 5. Nc3 d6 6. g4 h6 7. Bg2 Nc6 8. h3
Be7 9. Be3 Bd7 10. O-O a6 11. f4 Qa5 12. Nb3 Qc7 13. Qf3 O-O 14. Qf2 b5 15. Bb6
Qb8 16. Rae1 b4 17. Nb1 a5 18. c4 a4 19. Nc1 Ra6 20. Be3 Bd8 21. Nd3 Na5 22.
Nd2 Bc6 23. g5 hxg5 24. fxg5 Nd7 25. h4 b3 26. a3 Bb6 27. Bh3 Ra8 28. g6 fxg6
29. Bxe6+ Kh7 30. Qg3 Bxe3+ 31. Rxe3 Nc5 32. Bf7 Rxf7 33. Rxf7 Qe8 34. Rf4 Nxd3
35. Rxd3 Qe5 36. Rg4 Qxb2 37. Qxd6 Qf6 38. e5 Qxd6 39. exd6 Bd7 40. Rg5 b2 41.
Rc3 Bf5 42. Rxf5 gxf5 43. c5 Nc6 $11 44. Kf2 Kg6 45. Ke2 Rb8 46. Nb1 f4 47. Rc4
Re8+ 48. Kf2 Re5 49. Rc2 Kf5 50. d7 Rd5 51. Rxb2 Rxd7 52. Rb6 Ne5 53. c6 Rc7
54. Nc3 Rxc6 55. Rxc6 Nxc6 56. Nxa4 Kg4 57. Nc5 Kxh4 58. Kf3 g5 59. Nd3 Nd4+
60. Ke4 Ne6 61. a4 g4 62. a5 f3 63. Ke3 Nc7 1/2-1/2

[Event "SF Katernberg 2 - Aachener SV 1"]
[Site "Oberliga NRW 2012/2013"]
[Date "2013.04.28"]
[Round "9.5"]
[White "Begnis, Nikolaos"]
[Black "Gassmann, Volker"]
[Result "1/2-1/2"]
[WhiteElo "2250"]
[BlackElo "2166"]
[PlyCount "38"]
[EventDate "2013.??.??"]
[WhiteTeam "Aachener SV 1"]
[BlackTeam "SF Katernberg 2"]

1. e4 c6 2. d4 d5 3. exd5 cxd5 4. c4 Nf6 5. Nc3 Nc6 6. Nf3 Bg4 7. cxd5 Nxd5 8.
Qb3 Bxf3 9. gxf3 e6 10. Qxb7 Nxd4 11. Bb5+ Nxb5 12. Qc6+ Ke7 13. Qxb5 Nxc3 14.
bxc3 Rb8 15. Qc5+ Ke8 16. Qc6+ Qd7 17. Qxd7+ Kxd7 18. Be3 Bd6 19. O-O Rb7
1/2-1/2

[Event "SF Katernberg 2 - Aachener SV 1"]
[Site "Oberliga NRW 2012/2013"]
[Date "2013.04.28"]
[Round "9.6"]
[White "Wessendorf, Thomas"]
[Black "Petzold, Klaus"]
[Result "0-1"]
[WhiteElo "2206"]
[BlackElo "2109"]
[Annotator "Doe,John"]
[PlyCount "150"]
[EventDate "2013.??.??"]
[WhiteTeam "SF Katernberg 2"]
[BlackTeam "Aachener SV 1"]

1. e4 c6 2. d4 d5 3. Nc3 dxe4 4. Nxe4 Nd7 5. Bc4 Ngf6 6. Ng5 Nd5 7. N1f3 h6 8.
Ne4 N7b6 9. Bb3 Bf5 10. Ng3 Bh7 11. O-O e6 12. Ne5 Nd7 13. c4 N5f6 14. f4 Be7
15. Qe2 O-O 16. Be3 Ne4 17. Rad1 Nxe5 $11 18. dxe5 Nxg3 19. hxg3 Qc7 20. Qf2
Rfd8 21. Rxd8+ Rxd8 22. g4 Be4 23. Qg3 Rd3 24. Qf2 Qa5 25. Kh2 b6 26. Re1 Rd8
27. a3 Bd3 28. Rd1 Qa6 29. Rc1 Qa5 30. Qf3 Bc5 31. Bxc5 bxc5 32. Rd1 Bg6 33. f5
Bh7 34. Qxc6 exf5 35. Qb5 Qc7 36. Qxc5 Qb8 37. gxf5 Bxf5 38. Qb5 Qc7 39. Rf1
Rb8 40. Qd5 Be6 41. Qd3 Qxe5+ 42. Kg1 Qxb2 43. Bc2 g6 44. Rb1 Qe5 45. Rxb8+
Qxb8 46. Qd4 Qg3 47. Bd3 h5 48. c5 h4 49. Kf1 Bg4 50. Bc4 h3 51. gxh3 Bxh3+ 52.
Ke2 Qg4+ 53. Qxg4 Bxg4+ 54. Ke3 Kf8 55. Kf4 Bd7 56. Kg5 Ke7 57. Bd5 Be8 58. Kf4
f6 59. Ke4 Kd8 60. Kf4 Bd7 61. Ke4 Kc7 62. Kd4 g5 63. Bg2 g4 64. Ke3 Bc6 65.
Bf1 g3 66. Bh3 Bd5 67. Kf4 g2 68. Bxg2 Bxg2 69. Kf5 Kc6 70. Kxf6 Kxc5 71. Ke5
a5 72. Kf4 Kc4 73. Ke3 Kb3 74. Kd2 Kxa3 75. Kc1 Be4 0-1

[Event "SF Katernberg 2 - Aachener SV 1"]
[Site "Oberliga NRW 2012/2013"]
[Date "2013.04.28"]
[Round "9.7"]
[White "Dischinger, Frank"]
[Black "Valkyser, Martin"]
[Result "0-1"]
[WhiteElo "2053"]
[BlackElo "2173"]
[Annotator "Doe,John"]
[PlyCount "108"]
[EventDate "2013.??.??"]
[WhiteTeam "Aachener SV 1"]
[BlackTeam "SF Katernberg 2"]

1. e4 c5 2. Nf3 e6 3. c3 Nf6 4. e5 Nd5 5. d4 cxd4 6. cxd4 d6 7. a3 dxe5 8. dxe5
Be7 9. Bd3 Nd7 10. O-O O-O 11. Qc2 g6 12. Bh6 Re8 13. Rd1 b6 14. Nc3 Bb7 15.
Ne4 Qb8 16. Re1 $11 Nxe5 17. Nxe5 Qxe5 18. Ng5 Qc7 19. Qa4 Qf4 20. Qd7 Rab8 21.
g3 Qd6 22. Qa4 Nc3 23. Qc2 Bxg5 24. Bxg5 Qd5 25. f3 Qxg5 26. Qxc3 Rbc8 27. Qd4
Bxf3 28. Qf2 Ba8 29. Rf1 Qc5 30. Qxc5 Rxc5 31. Rf2 Rd8 32. Bf1 Kg7 33. Re1 Rd4
34. Ba6 h5 35. Ref1 f5 36. Re1 Kf6 37. Rfe2 Bd5 38. Kf2 Re4 39. Bd3 Rxe2+ 40.
Rxe2 Bc4 41. Bxc4 Rxc4 42. Rd2 Ke7 43. Ke3 h4 44. Kf3 g5 45. Kg2 a5 46. gxh4
Rg4+ 47. Kf3 Rxh4 48. Kg2 Rg4+ 49. Kf3 Rg1 50. Rc2 g4+ 51. Kf2 Rb1 52. Kg3 Rf1
53. Rc6 Rf3+ 54. Kh4 Kf6 0-1

[Event "SF Katernberg 2 - Aachener SV 1"]
[Site "Oberliga NRW 2012/2013"]
[Date "2013.04.28"]
[Round "9.8"]
[White "Heldt, Heinrich"]
[Black "Titgemeyer, Sven"]
[Result "0-1"]
[WhiteElo "1751"]
[BlackElo "1980"]
[PlyCount "76"]
[EventDate "2013.??.??"]
[WhiteTeam "SF Katernberg 2"]
[BlackTeam "Aachener SV 1"]

1. d4 Nf6 2. c4 c5 3. d5 b5 4. cxb5 a6 5. Nc3 axb5 6. Nxb5 Ba6 7. Nc3 d6 8. e4
Bxf1 9. Kxf1 Qa5 10. Nge2 g6 11. g3 Bg7 12. Kg2 Nbd7 13. f4 O-O 14. h3 Rfb8 15.
Qc2 Qa6 16. Re1 Rb7 17. Ng1 Ne8 18. b3 c4 19. Bb2 Nc5 20. Re2 Nd3 21. e5 dxe5
22. Na4 cxb3 23. axb3 Nxb2 24. Nc5 Qxa1 25. Nxb7 exf4 26. Rxe7 Bf6 27. Re2 Nd1
28. gxf4 Nc3 29. Rd2 Nxd5 30. Qc4 Nec7 31. Nd6 Ra2 32. Nf3 Rxd2+ 33. Nxd2 Qd4
34. Qxd4 Bxd4 35. Kf3 Be3 36. N2e4 Bxf4 37. Nf6+ Kg7 38. Nxd5 Bxd6 0-1

[Event "Langenfelder SF 1 - SC Bocholt 1"]
[Site "NRW-Klasse, Gruppe 1 2012/201"]
[Date "2012.09.16"]
[Round "1.1"]
[White "Fuest, Martin"]
[Black "Weber, Peter"]
[Result "1-0"]
[WhiteElo "2082"]
[BlackElo "2189"]
[PlyCount "73"]
[EventDate "2012.??.??"]
[WhiteTeam "SC Bocholt 1"]
[BlackTeam "Langenfelder SF 1"]

1. d4 Nf6 2. Nf3 c5 3. c3 b6 4. g3 Bb7 5. Bg2 e6 6. O-O Be7 7. Bg5 h6 8. Bxf6
Bxf6 9. Nbd2 O-O 10. e3 Nc6 11. Ne5 d5 12. Nxc6 Bxc6 13. f4 Bb5 14. Rf2 Bd3 15.
Nf3 Bh7 16. Bf1 c4 17. Nd2 b5 18. a3 a5 19. Bg2 Rb8 20. e4 Qd7 21. Qf3 Rfd8 22.
Bh3 b4 23. axb4 axb4 24. exd5 Qxd5 25. Bf1 bxc3 26. bxc3 Rdc8 27. Bg2 Bxd4 28.
cxd4 c3 29. Qxd5 exd5 30. Bxd5 Rb2 31. Rc1 Bd3 32. Be4 Rxd2 33. Rxd2 Bxe4 34.
Re2 f5 35. Kf2 Kf7 36. Rxe4 fxe4 37. Ke3 1-0

[Event "Langenfelder SF 1 - SC Bocholt 1"]
[Site "NRW-Klasse, Gruppe 1 2012/201"]
[Date "2012.09.16"]
[Round "1.2"]
[White "Rechmann, Peter"]
[Black "Steiner, Karl"]
[Result "0-1"]
[WhiteElo "2255"]
[BlackElo "1984"]
[PlyCount "73"]
[EventDate "2012.??.??"]
[WhiteTeam "Langenfelder SF 1"]
[BlackTeam "SC Bocholt 1"]

1. c4 e6 2. Nf3 d5 3. g3 c6 4. b3 Nf6 5. Bg2 Bd6 6. Nc3 O-O 7. O-O Nbd7 8. Bb2
a6 9. d3 e5 10. cxd5 cxd5 11. Nd2 Nb6 12. e4 Bg4 13. Qe1 d4 14. Ne2 Nfd7 15. f3
Be6 16. f4 f6 17. Nf3 Qe7 18. f5 Bf7 19. g4 Ba3 20. Bxa3 Qxa3 21. g5 Bh5 22.
Qh4 Bxf3 23. Bxf3 Rac8 24. gxf6 Nxf6 25. Kh1 Rc2 26. Nxd4 exd4 27. e5 Nfd5 28.
f6 gxf6 29. Rg1+ Kh8 30. Qxd4 Qb2 31. Qh4 Qxe5 32. Qh6 Rf7 33. Rae1 Qb8 34. Qh5
Re7 35. Rxe7 Nxe7 36. Qh6 Ng6 37. Be4 0-1

[Event "Langenfelder SF 1 - SC Bocholt 1"]
[Site "NRW-Klasse, Gruppe 1 2012/201"]
[Date "2012.09.16"]
[Round "1.3"]
[White "Gajic, Goran"]
[Black "Homuth, Wolfgang"]
[Result "0-1"]
[WhiteElo "1956"]
[BlackElo "2197"]
[PlyCount "126"]
[EventDate "2012.??.??"]
[WhiteTeam "SC Bocholt 1"]
[BlackTeam "Langenfelder SF 1"]

1. d4 d6 2. Nf3 g6 3. Bg5 Bg7 4. e3 c5 5. c3 cxd4 6. exd4 Nf6 7. Nbd2 O-O 8.
Bd3 Be6 9. O-O Qb6 10. b3 Rc8 11. c4 d5 12. h3 Nc6 13. Be3 h6 14. a3 Qd8 15.
Re1 b6 16. Rb1 Qc7 17. Qc1 Kh7 18. Nf1 Qd7 19. Ng3 Ne8 20. c5 bxc5 21. dxc5 d4
22. Bf4 Bd5 23. Qd1 Bxf3 24. Qxf3 e5 25. Bd2 Nf6 26. b4 Nd5 27. b5 Nce7 28.
Qxf7 Rf8 29. Bxg6+ Kh8 30. Bf5 Qxf5 31. Nxf5 Rxf7 32. Nxg7 Kxg7 33. Rxe5 Nf6
34. Rb4 Rd8 35. Ra4 Nc8 36. Ba5 Rdd7 37. c6 Rd6 38. Rc4 d3 39. Bd2 Rf8 40. Re1
Rfd8 41. Bc3 Kg6 42. Bd2 Rd4 43. Rxd4 Rxd4 44. Rd1 Ne4 45. f3 Ned6 46. Be3 Rd5
47. a4 Nc4 48. Bd2 Nb2 49. Re1 Nxa4 50. Re6+ Kf7 51. Rxh6 Rxb5 52. Rh7+ Ke6 53.
Rd7 Nc5 54. Rd8 Nb6 55. c7 Rb2 56. Bf4 Ncd7 57. c8=Q Nxc8 58. Rxc8 d2 59. Rc6+
Kf5 60. Bxd2 Rxd2 61. Ra6 Kf4 62. Kh2 Ne5 63. Rxa7 Nxf3+ 0-1

[Event "Langenfelder SF 1 - SC Bocholt 1"]
[Site "NRW-Klasse, Gruppe 1 2012/201"]
[Date "2012.09.16"]
[Round "1.4"]
[White "Reinemer, Frank"]
[Black "Robeling, Stephan"]
[Result "1/2-1/2"]
[WhiteElo "2177"]
[BlackElo "1897"]
[PlyCount "74"]
[EventDate "2012.??.??"]
[WhiteTeam "Langenfelder SF 1"]
[BlackTeam "SC Bocholt 1"]

1. d4 Nf6 2. c4 e6 3. Nc3 d5 4. cxd5 exd5 5. Bg5 Be7 6. e3 Nbd7 7. Qc2 a6 8.
Bd3 h6 9. Bf4 c5 10. Nf3 c4 11. Bf5 Nf8 12. Ne5 Bxf5 13. Qxf5 Qc8 14. Qc2 b5
15. O-O Qe6 16. e4 N8d7 17. Rfe1 dxe4 18. Nxe4 Nd5 19. Nxd7 Qxd7 20. Nd6+ Kf8
21. Qe4 Bxd6 22. Qxd5 Rd8 23. Bxd6+ Qxd6 24. Qb7 Rd7 25. Qe4 Kg8 26. Rad1 g6
27. Qe5 Kh7 28. Qxd6 Rxd6 29. Re2 Rhd8 30. Red2 Rd5 31. a3 Kg7 32. Kf1 Kf6 33.
f3 Ke6 34. Kf2 Kd6 35. Ke3 Kc6 36. Rc1 Re8+ 37. Kf2 Red8 1/2-1/2

[Event "Langenfelder SF 1 - SC Bocholt 1"]
[Site "NRW-Klasse, Gruppe 1 2012/201"]
[Date "2012.09.16"]
[Round "1.5"]
[White "Hunhoff, Sebastian"]
[Black "Huelsmann, Josef"]
[Result "1/2-1/2"]
[WhiteElo "1795"]
[BlackElo "2128"]
[PlyCount "95"]
[EventDate "2012.??.??"]
[WhiteTeam "SC Bocholt 1"]
[BlackTeam "Langenfelder SF 1"]

1. c4 e5 2. Nc3 Nf6 3. Nf3 Nc6 4. d4 e4 5. Ng5 h6 6. Ngxe4 Nxe4 7. Nxe4 Qh4 8.
Ng3 Qxd4 9. Qxd4 Nxd4 10. Kd1 g6 11. Bd2 Bg7 12. Bc3 O-O 13. e3 Nc6 14. Bxg7
Kxg7 15. Be2 d6 16. Kc2 a5 17. b3 Be6 18. Rhd1 d5 19. cxd5 Bxd5 20. e4 Be6 21.
Kc3 Rfd8 22. Rxd8 Rxd8 23. Rd1 Rxd1 24. Bxd1 b5 25. f4 b4+ 26. Kd3 Kf6 27. e5+
Ke7 28. Bf3 Nb8 29. Ne2 Na6 30. g4 c5 31. Ng3 a4 32. Bd1 a3 33. f5 c4+ 34. bxc4
Nc5+ 35. Kc2 Bxc4 36. Kb1 Nd7 37. e6 Nf6 38. exf7 Kxf7 39. h4 Nd5 40. fxg6+
Kxg6 41. Bc2+ Kf6 42. Ne4+ Ke5 43. g5 hxg5 44. hxg5 Ne3 45. Nd2 Bxa2+ 46. Kxa2
Nxc2 47. Nc4+ Kd5 48. Nxa3 1/2-1/2

[Event "Langenfelder SF 1 - SC Bocholt 1"]
[Site "NRW-Klasse, Gruppe 1 2012/201"]
[Date "2012.09.16"]
[Round "1.6"]
[White "Vogelmann, Peter"]
[Black "Hunhoff, Andreas"]
[Result "1-0"]
[WhiteElo "2169"]
[BlackElo "1802"]
[PlyCount "63"]
[EventDate "2012.??.??"]
[WhiteTeam "Langenfelder SF 1"]
[BlackTeam "SC Bocholt 1"]

1. e4 c5 2. Nf3 d6 3. Bb5+ Bd7 4. Bxd7+ Nxd7 5. O-O g6 6. c3 Bg7 7. d4 cxd4 8.
cxd4 Nb6 9. Nc3 Nf6 10. Re1 O-O 11. Qb3 Nfd7 12. Bf4 Rc8 13. Rac1 Rc4 14. Nb5
Rxc1 15. Rxc1 a6 16. Nc3 h6 17. h3 Kh7 18. g4 Kh8 19. a4 f5 20. exf5 e5 21.
dxe5 dxe5 22. Be3 gxf5 23. g5 f4 24. Bxb6 Nxb6 25. Ne4 Qd5 26. Qxd5 Nxd5 27.
Rd1 Nb4 28. gxh6 Bxh6 29. Rd7 Rg8+ 30. Kf1 Rg7 31. Rd6 Rh7 32. Nxe5 1-0

[Event "Langenfelder SF 1 - SC Bocholt 1"]
[Site "NRW-Klasse, Gruppe 1 2012/201"]
[Date "2012.09.16"]
[Round "1.7"]
[White "Boeing, Frank"]
[Black "Weber, Franz-Josef"]
[Result "0-1"]
[WhiteElo "1872"]
[BlackElo "1989"]
[PlyCount "66"]
[EventDate "2012.??.??"]
[WhiteTeam "SC Bocholt 1"]
[BlackTeam "Langenfelder SF 1"]

1. d4 Nf6 2. Nf3 e6 3. Bg5 c5 4. e3 b6 5. Nbd2 Be7 6. Bd3 Bb7 7. O-O d6 8. c3
Nbd7 9. Qe2 O-O 10. Rac1 h6 11. Bh4 Nd5 12. Bg3 cxd4 13. exd4 N7f6 14. Ba6 Bxa6
15. Qxa6 Qd7 16. Qd3 b5 17. Rfe1 Rfc8 18. Nf1 a5 19. Ne3 Nb6 20. Rc2 Bf8 21.
Rec1 a4 22. a3 Nc4 23. Bh4 Nh5 24. Nxc4 bxc4 25. Qe3 Be7 26. Bxe7 Qxe7 27. Ne1
Nf6 28. Re2 Rab8 29. Rb1 Nd5 30. Qf3 Qg5 31. Nc2 Qg6 32. Rd2 Rb3 33. Qd1 Rcb8
0-1

[Event "Langenfelder SF 1 - SC Bocholt 1"]
[Site "NRW-Klasse, Gruppe 1 2012/201"]
[Date "2012.09.16"]
[Round "1.8"]
[White "Keller, Karsten"]
[Black "Wuestnienhaus, Andreas"]
[Result "1-0"]
[WhiteElo "2134"]
[BlackElo "1879"]
[PlyCount "47"]
[EventDate "2012.??.??"]
[WhiteTeam "Langenfelder SF 1"]
[BlackTeam "SC Bocholt 1"]

1. Nf3 d5 2. d4 e6 3. c4 Nf6 4. Nc3 Be7 5. Bf4 O-O 6. e3 b6 7. cxd5 Nxd5 8.
Nxd5 exd5 9. Bd3 c5 10. dxc5 bxc5 11. O-O Be6 12. Ne5 c4 13. Bc2 Qb6 14. b3 Rd8
15. bxc4 dxc4 16. Qf3 Na6 17. Nc6 Bf6 18. Rab1 Qc5 19. Nxd8 Rxd8 20. Qb7 Qa3
21. Rfd1 Rc8 22. Bd6 Qxa2 23. Be7 Qxc2 24. Qxc8+ 1-0

[Event "SV Dinslaken 1 - SV Letmathe 1"]
[Site "NRW-Klasse, Gruppe 1 2012/201"]
[Date "2012.09.16"]
[Round "1.1"]
[White "Podzielny, Karl-Heinz"]
[Black "Trella, Thomas"]
[Result "1-0"]
[WhiteElo "2346"]
[BlackElo "2373"]
[Annotator "Doe,John"]
[PlyCount "83"]
[EventDate "2012.??.??"]
[WhiteTeam "SV Letmathe 1"]
[BlackTeam "SV Dinslaken 1"]

1. d4 d5 2. c4 e6 3. Nf3 Nf6 4. Nc3 Nbd7 5. Bg5 Be7 6. e3 O-O 7. Qc2 c5 8. cxd5
cxd4 9. Nxd4 Nxd5 10. Bxe7 Nxe7 11. Bd3 Nf6 12. O-O Bd7 13. Ne4 Ned5 14. Nxf6+
Nxf6 15. Rfd1 Qb6 $11 16. Qe2 Rac8 17. Nf3 Rc5 18. e4 e5 19. h3 Rfc8 20. Rab1
a5 21. Qe3 Qe6 22. a3 h6 23. Rbc1 Rxc1 24. Rxc1 Rxc1+ 25. Qxc1 Bc6 26. Qc5 Nxe4
27. Qxa5 f6 28. Qd8+ Kf7 29. Nh4 f5 30. Be2 Nf6 31. Qc7+ Kg8 32. Nf3 Nd7 33.
Nd2 Kh7 34. Nc4 Qd5 35. Bf1 Kg6 36. Na5 Kf6 37. Qd8+ Kg6 38. Qc7 Kf6 39. b4 Ke7
40. Qc8 f4 41. Nxc6+ bxc6 42. Qb7 1-0

[Event "SV Dinslaken 1 - SV Letmathe 1"]
[Site "NRW-Klasse, Gruppe 1 2012/201"]
[Date "2012.09.16"]
[Round "1.2"]
[White "Sielecki, Christof"]
[Black "Adamski, Jan"]
[Result "1/2-1/2"]
[WhiteElo "2390"]
[BlackElo "2299"]
[PlyCount "59"]
[EventDate "2012.??.??"]
[WhiteTeam "SV Dinslaken 1"]
[BlackTeam "SV Letmathe 1"]

1. d4 Nf6 2. c4 e6 3. Nc3 Bb4 4. e3 b6 5. Nge2 c5 6. a3 Ba5 7. Rb1 Na6 8. g3
Bb7 9. d5 b5 10. Bg2 bxc4 11. O-O Bxc3 12. Nxc3 exd5 13. Nxd5 Bxd5 14. Bxd5
Nxd5 15. Qxd5 O-O 16. Bd2 Qb6 17. Bc3 Rfd8 18. Rfd1 Nc7 19. Qxc4 d5 20. Qg4 Ne6
21. b4 d4 22. bxc5 Qxc5 23. Bxd4 Nxd4 24. Rxd4 Rxd4 25. Qxd4 Qxa3 26. Ra1 Qe7
27. Ra6 h6 28. h4 Qb7 29. Qa1 Rd8 30. Ra4 1/2-1/2

[Event "SV Dinslaken 1 - SV Letmathe 1"]
[Site "NRW-Klasse, Gruppe 1 2012/201"]
[Date "2012.09.16"]
[Round "1.3"]
[White "Webb, Laurence"]
[Black "Kern, Guido"]
[Result "1/2-1/2"]
[WhiteElo "2243"]
[BlackElo "2308"]
[PlyCount "151"]
[EventDate "2012.??.??"]
[WhiteTeam "SV Letmathe 1"]
[BlackTeam "SV Dinslaken 1"]

1. e4 e6 2. d4 d5 3. e5 c5 4. c3 Nc6 5. Nf3 Bd7 6. Be2 Nge7 7. Na3 cxd4 8. cxd4
Nf5 9. Nc2 Qb6 10. O-O Na5 11. Ne3 Nxe3 12. fxe3 Be7 13. Qe1 O-O 14. Bd2 Nc6
15. Bc3 f5 16. exf6 Bxf6 17. Bd3 a5 18. a3 Rae8 19. Qg3 Ne7 20. Qh3 g6 21. Ne5
Bxe5 22. dxe5 Nf5 23. Bxf5 exf5 24. Qh6 d4 25. Bxd4 Qe6 26. Bc3 Ba4 27. Rf4 Bb3
28. Rd4 Rd8 29. Rd6 Rxd6 30. exd6 Rf7 31. Qf4 Qd5 32. Rc1 Rd7 33. Be5 Bc2 34.
h3 Qd2 35. Qc4+ Rf7 36. Qxc2 Qxe3+ 37. Kh1 Qxe5 38. Qc8+ Rf8 39. d7 Qe7 40.
Qxb7 Rd8 41. Qd5+ Qf7 42. Rd1 Qxd5 43. Rxd5 Kf7 44. a4 Ke6 45. Rxa5 Rxd7 46.
Rb5 g5 47. a5 h5 48. a6 Rd1+ 49. Kh2 Ra1 50. Rb6+ Ke5 51. b4 Kf4 52. Rc6 g4 53.
hxg4 hxg4 54. g3+ Ke3 55. Rc3+ Kd4 56. Rc6 Ke3 57. Rc3+ Kd4 58. Rc5 Rxa6 59.
Rxf5 Ra2+ 60. Kg1 Ke3 61. Rf4 Rb2 62. Rxg4 Kf3 63. Rg8 Rxb4 64. Kh2 Rb7 65.
Rf8+ Kg4 66. Rf4+ Kg5 67. Ra4 Rb5 68. Kh3 Rc5 69. Ra8 Rc3 70. Ra5+ Kg6 71. Kh4
Rc6 72. g4 Rb6 73. Ra8 Rc6 74. Rg8+ Kh7 75. Rg5 Kh6 76. Rh5+ 1/2-1/2

[Event "SV Dinslaken 1 - SV Letmathe 1"]
[Site "NRW-Klasse, Gruppe 1 2012/201"]
[Date "2012.09.16"]
[Round "1.4"]
[White "Mundorf, Johannes"]
[Black "Soukup, Jiri"]
[Result "1-0"]
[WhiteElo "2156"]
[BlackElo "2278"]
[PlyCount "83"]
[EventDate "2012.??.??"]
[WhiteTeam "SV Dinslaken 1"]
[BlackTeam "SV Letmathe 1"]

1. Nf3 d5 2. g3 c5 3. Bg2 Nc6 4. d4 e6 5. O-O Nf6 6. c4 Be7 7. cxd5 exd5 8.
dxc5 Bxc5 9. a3 a5 10. Bg5 Be6 11. Nc3 d4 12. Ne4 Be7 13. Nxf6+ Bxf6 14. Bxf6
Qxf6 15. Qa4 O-O 16. Rfd1 Rfd8 17. Rd2 Rab8 18. Qb5 Bd5 19. Rad1 Be4 20. Qg5
Qxg5 21. Nxg5 Bxg2 22. Kxg2 Rd5 23. Nf3 Rbd8 24. b3 f5 25. Rd3 Kf7 26. e3 Kf6
27. Nxd4 Ne5 28. Rc3 g5 29. Rdc1 f4 30. h3 h5 31. Rc8 Nd3 32. Rxd8 Rxd8 33. Rc3
Ne5 34. Rc5 a4 35. bxa4 fxe3 36. fxe3 Nd3 37. Rf5+ Kg6 38. Rxg5+ Kxg5 39. Ne6+
Kf6 40. Nxd8 Nc5 41. a5 Ke7 42. Nxb7 1-0

[Event "SV Dinslaken 1 - SV Letmathe 1"]
[Site "NRW-Klasse, Gruppe 1 2012/201"]
[Date "2012.09.16"]
[Round "1.6"]
[White "Neuer, Thomas"]
[Black "Haude, Ruediger"]
[Result "1/2-1/2"]
[WhiteElo "2038"]
[BlackElo "2069"]
[PlyCount "67"]
[EventDate "2012.??.??"]
[WhiteTeam "SV Dinslaken 1"]
[BlackTeam "SV Letmathe 1"]

1. Nf3 d5 2. g3 Nf6 3. Bg2 c6 4. O-O g6 5. b3 Bg7 6. Bb2 O-O 7. c4 Qb6 8. Qc2
Re8 9. d3 Nbd7 10. cxd5 Nxd5 11. Bxg7 Kxg7 12. Nbd2 e5 13. Nc4 Qc5 14. Qb2 Qe7
15. a3 f6 16. b4 a6 17. Rac1 N7b6 18. Na5 Be6 19. e4 Na4 20. Qc2 Ndb6 21. d4
exd4 22. Nxd4 Bf7 23. Rfd1 Rac8 24. Ndb3 Rc7 25. Nc5 Nxc5 26. Qxc5 Nd7 27. Qd6
Qxd6 28. Rxd6 Be6 29. Bf1 Nb6 30. f3 Kf7 31. Bc4 Nxc4 32. Nxc4 Ke7 33. Rd3 Rd8
34. Rxd8 1/2-1/2